Statistics for Italy City Quiz *Hard*

Click here to take the quiz!

General Stats

  • This quiz has been taken 2 times
  • The average score is 10 of 20

Answers on the Map

Answers color-coded by a green-red scale on the quiz's map according to % correct below.
 

Answer Stats

RegionCity% Correct
VenetoChioggia
100%
ApuliaAltamura
50%
Emilia-RomagnaCesena
50%
CalabriaCorigliano-Rossano
50%
MarcheFano
50%
UmbriaFoligno
50%
CampaniaGiugliano in Campania
50%
LazioGuidonia Montecelio
50%
SicilyMarsala
50%
Trentino-Alto AdigeMerano
50%
PiedmontMoncalieri
50%
Friuli-Venezia GiuliaMonfalcone
50%
AbruzzoMontesilvano
50%
BasilicataPolicoro
50%
SardiniaQuartu Sant'Elena
50%
LiguriaSanremo
50%
Aosta ValleySarre
50%
MoliseTermoli
50%
TuscanyViareggio
50%
LombardyBusto Arsizio
0%

Score Distribution

Percentile by Number Answered

Percent of People with Each Score

Your Score History

You have not taken this quiz